Ako ušetriť svet, ktorý nešetrí

Zistenia štúdie Svetovej banky o vplyvoch, ktoré pôsobia na mieru úspor obyvateľstva. Sporivosť ľudí ovplyvňujú viac bezprostredné okolnosti a obavy, ako dlhodobé ciele. Nepriaznivá kombinácia znižujúcich sa mier úspor a klesajúcej pôrodnosti ohrozuje súčasné dôchodkové systémy.

Salvato in:
Dettagli Bibliografici
Autore principale: Shiller, Robert J.
Natura: Capitolo di libro
Lingua:slovacco
Soggetti:
Tags: Aggiungi Tag
Nessun Tag, puoi essere il primo ad aggiungerne!!

MARC

LEADER 00000naa$a2200000$$$4500
001 0018624
005 20231004122620.1
041 0 |a slo 
044 |a SK 
245 1 0 |a Ako ušetriť svet, ktorý nešetrí  |c Robert J. Shiller 
520 |a Zistenia štúdie Svetovej banky o vplyvoch, ktoré pôsobia na mieru úspor obyvateľstva. Sporivosť ľudí ovplyvňujú viac bezprostredné okolnosti a obavy, ako dlhodobé ciele. Nepriaznivá kombinácia znižujúcich sa mier úspor a klesajúcej pôrodnosti ohrozuje súčasné dôchodkové systémy. 
610 2 0 |a spotrebitelia 
610 2 0 |a úspory obyvateľstva 
610 2 0 |a miera úspor 
610 2 0 |a vývoj populačný 
610 2 0 |a zabezpečenie sociálne 
610 2 0 |a inflácia 
610 2 0 |a zabezpečenie dôchodkové 
100 1 |a Shiller, Robert J.